| 000 | 01267cam a2200229 4500 | ||
|---|---|---|---|
| 008 | 050204n 000 0 eng u | ||
| 020 | _a0421829605 | ||
| 035 | _a(Sirsi) u128711 | ||
| 041 | _aeng | ||
| 050 |
_a346.4104343 _c18 |
||
| 100 | _aReynolds, Kirk | ||
| 245 |
_aRenewal of business tenancies _bfirst supplement to the second edition |
||
| 260 |
_axx, 231p. _c24cm. |
||
| 300 |
_aLondon _bSweet and Maxwell _c2005 |
||
| 520 | _aSupplement updating the main work (ISBN 0421740302) with changes enacted by the Regulatory Reform (Business Tenancies) (England and Wales) Order 2003, which came into force on 1 June 2004. Part one has been designed for use only where the new regime under the 2003 Order has effect and describes the relevant new procedures and provisions. Part two notes up the main text by paragraph numbers, with cross references to part one. Part three reprints the 2003 Order and parts of the Landlord and Tenant Act 1954, incorporating amendments made by the 2003 Order. | ||
| 650 | _aREGULATORY REFORM (BUSINESS TENANCIES) (ENGLAND AND WALES) ORDER 2003 | ||
| 650 | _aLANDLORD AND TENANT ACT 1954 PART II | ||
| 650 | _aBUSINESS TENANCIES | ||
| 690 | _aLANDLORD AND TENANT-BUSINESS TENANCIES | ||
| 700 | _aClark, Wayne | ||
| 942 | _n0 | ||
| 999 |
_c103990 _d103990 |
||